000
00331nam a22001457a 4500
008
230207b ||||| |||| 00| 0 eng d
020
_a
9780131491168
041
_a
eng
080
_2
FOURTH EDITION
_a
51
082
_a
51SUL
100
_a
20
101
_a
MATEM
245
_a
COLLEGE ALGEBRA
_c
SULLIVAN SULLIVAN
942
_2
udc
_c
BK
999
_c
59329
_d
59329